000 00557 a2200169 i 4500
001 197487
003 45422
090 _a197487
100 _a u||y y50 zz
200 _aПовість про Гоголя
_eОстанні роки
_fПолторацький О.
210 _d1976
_aКиїв
_cРадянський письменник
215 _a320 с.
__320
246 0 _bОстанні роки
675 _a821.09(470)".../1917"
700 _aПолторацький
_bО.
942 _2udc
_cBOOK
_j821.09(470)".../1917"
_z45422
999 _c45422
_d45422